|
|
|
|
| LEADER |
01969nam a2200337 a 4500 |
| 001 |
8381 |
| 003 |
BD-DhAAL |
| 008 |
100204s1999 bg b 101 0 eng d |
| 999 |
|
|
|c 7342
|d 7342
|
| 010 |
|
|
|a 99952093
|
| 020 |
|
|
|a 9840801430
|
| 020 |
|
|
|z 984081430 (t.p. verso)
|
| 040 |
|
|
|a DLC
|c DLC
|d DLC
|d DB-DhAAL
|
| 082 |
0 |
0 |
|a 338.95492
|2 21
|
| 245 |
0 |
0 |
|a Chandabaji versus entrepreneurship :
|b economic liberalisation and youth force in Bangladesh /
|c edited by Shahedul Anam Khan, Shaheen Afroze.
|
| 260 |
|
|
|a Dhaka :
|b Academic Press and Publishers Ltd., in collaboration with Bangladesh Institute of International and Strategic Studies,
|c c1999.
|
| 300 |
|
|
|a ix, 124 pages ;
|c 23 cm.
|
| 504 |
|
|
|a Includes bibliographical references and index.
|
| 520 |
|
|
|a Papers presented at the 3rd BIISS Young Scholar's Seminar held in September, 1998, at Bangladesh Institute of International and Strategic Studies.
|
| 541 |
1 |
|
|a Donated By Akbar Ali Khan (38324)
|e 8381, 38324
|
| 650 |
|
0 |
|a Entrepreneurship
|z Bangladesh
|v Congresses.
|9 47904
|
| 650 |
|
0 |
|a Extortion
|z Bangladesh
|v Congresses.
|9 47905
|
| 700 |
1 |
|
|a Khan, Shahedul Anam.
|9 47906
|
| 700 |
1 |
|
|a Afroze, Shaheen.
|9 47907
|
| 710 |
2 |
|
|a Bangladesh Institute of International and Strategic Studies.
|9 47908
|
| 711 |
2 |
|
|a BIISS Young Scholars' Seminar
|n (3rd :
|d 1998 :
|c Bangladesh Institute of International and Strategic Studies)
|9 47909
|
| 852 |
4 |
|
|a Ayesha Abed Library
|c General Stacks
|
| 942 |
|
|
|2 ddc
|c BK
|
| 952 |
|
|
|0 0
|1 0
|2 ddc
|4 0
|6 338_954920000000000_CHA_1999
|7 0
|9 7818
|a BRACUL
|b BRACUL
|c GEN
|d 2010-02-04
|l 2
|m 6
|o 338.95492 CHA
|p 3010008381
|r 2024-09-02
|s 2024-06-23
|t 1
|w 2010-02-04
|y BK
|
| 952 |
|
|
|0 0
|1 0
|2 ddc
|4 0
|6 338_954920000000000_CHA
|7 0
|9 24217
|a SCL
|b SCL
|c GEN
|d 2005-11-30
|g 125.00
|l 0
|o 338.95492 CHA
|p 3020005826
|r 2014-04-26
|t 2
|w 2014-04-26
|y BK
|
| 952 |
|
|
|0 0
|1 0
|2 ddc
|4 0
|6 338_954920000000000_CHA
|7 1
|9 70496
|a BRACUL
|b BRACUL
|c AAKC
|d 2022-04-12
|e Donated by Akbar Ali Khan
|l 0
|o 338.95492 CHA
|p 3010038324
|r 2022-04-12
|t 3
|w 2022-04-12
|y BK
|